LIBRARY & INFORMATION CENTRE, KCAET, TAVANUR

ONLINE PUBLIC ACCESS CATALOGUE (OPAC)

Sketching for craftsmen / (Record no. 1522)

MARC details
000 -LEADER
fixed length control field 00485cam a2200181ua 4500
041 ## - LANGUAGE CODE
Language code of text/sound track or separate title eng
082 ## - DEWEY DECIMAL CLASSIFICATION NUMBER
Classification number 690.223
Item number HOY/SK
100 ## - MAIN ENTRY--AUTHOR NAME
Personal name Hoyle, Ernest .
245 ## - TITLE STATEMENT
Title Sketching for craftsmen /
250 ## - EDITION STATEMENT
Edition statement 1 /
260 ## - PUBLICATION, DISTRIBUTION, ETC. (IMPRINT)
Place of publication :
Name of publisher English Universities Press ,
Year of publication 1950.
300 ## - PHYSICAL DESCRIPTION
Number of Pages 80 ; .
490 0# - SERIES STATEMENT
Series statement The city and guilds series,
Volume number/sequential designation
942 ## - ADDED ENTRY ELEMENTS (KOHA)
Koha item type Books
Holdings
Withdrawn status Lost status Damaged status Home library Current library Date acquired Full call number Accession Number Koha item type
      KAUAET KAUAET 07/04/2012 690.223 3757 Books
free website counter